| 000 | 00805nam a2200253Ia 4500 | ||
|---|---|---|---|
| 003 | OSt | ||
| 005 | 20221005084810.0 | ||
| 006 | a|||||r|||| 00| 0 | ||
| 007 | ta | ||
| 008 | 221004b |||||||| |||| 00| 0 eng d | ||
| 020 |
_a9781843838487 (hbk) _c6608.55 |
||
| 024 | _a13719 | ||
| 037 |
_bCBS/305, 21/03/2014, Classic Book Service _cTextual |
||
| 040 |
_aCRL _cCRL _beng |
||
| 041 |
_2eng _aeng |
||
| 082 | _aV2:594.L, Q3 | ||
| 100 |
_aWard Peter A _9451992 |
||
| 245 | 0 |
_aBritish noval power in the east 1794-1805 _b Command of Admiral Peter Rainier |
|
| 260 |
_aNew York _bBoydell Press USA _c2013 |
||
| 300 |
_aviii,285p. _ccm. |
||
| 650 | _aHISTORY | ||
| 942 |
_hV2:594.L, Q3 _cTEXL _2cc |
||
| 999 |
_c993110 _d993110 |
||